Prácticas para asistir y defender a niños, niñas y adolescentes /
Guardado en:
| Autor Principal: | |
|---|---|
| Otros Autores: | , , , , |
| Formato: | Libro |
| Publicado: |
Buenos Aires :
Ministerio de Justicia y Derechos Humanos de la Nación,
2011
|
| Series: | Programa las víctimas contra las violencias
|
| Materias: | |
| Etiquetas: |
Agregar Etiqueta
Sin Etiquetas, Sea el primero en etiquetar este registro!
|
| LEADER | 01574nam a22002895a 4500 | ||
|---|---|---|---|
| 001 | CEM.cems013790 | ||
| 005 | 20130221135730.0 | ||
| 008 | 130507s2011##################000#0#####d | ||
| 003 | CEMS | ||
| 020 | |a 9789871407293 | ||
| 082 | 0 | 4 | |a 301.158 |
| 100 | 1 | |a Giberti, Eva | |
| 245 | 1 | 0 | |a Prácticas para asistir y defender a niños, niñas y adolescentes / |c Coordinado Por Eva Giberti |
| 260 | |a Buenos Aires : |b Ministerio de Justicia y Derechos Humanos de la Nación, |c 2011 | ||
| 300 | |a 160 p. | ||
| 490 | 0 | |a Programa las víctimas contra las violencias | |
| 505 | 0 | |a La Convención de los Derechos del Niño, pretendió instalar los derechos de los niños, niñas y adolescentes y, además, defenderlos. Intentó aportar conciencia acerca de los derechos a la salud, a la vivienda y a contar con una familia, entre otros. Los considerandos y las declaraciones que tornaron benevolente a la Convención se potenciaron, arrastrando consigo la valiosa intención de que niños, niñas y adolescentes crecieran y se desarrollaran en paz. A pesar de todo, fue imposible frenar la mano del adulto violento, la oferta de sustancias denominadas drogas, así como su sexualidad corruptora. De estas instancias se ocupa este libro. | |
| 653 | |a Violencia | ||
| 653 | |a Abuso | ||
| 653 | |a Derechos humanos | ||
| 653 | |a Derechos del niño | ||
| 700 | 1 | |a Álvarez, José Atilio | |
| 700 | 1 | |a Beloff, Mary | |
| 700 | 1 | |a Berlinerblau, Virginia | |
| 700 | 1 | |a Bringiotti, María Inés | |
| 700 | 1 | |a Calabrese, Alberto | |
| 859 | |a CEMS |b BIB. CEMS - 11 de abril |h 301.158 |i G355 |p 26544.13 |t Ej.1 | ||
